000 00571nam a2200193Ia 4500
005 20260120124428.0
008 008 260114s9999 xx 000 0 eng d
020 _a9781839822391
037 _aEBOOK
040 _aCRL
_beng
_cCRL
041 _aeng
_2eng
084 _qCRL
100 _aRosa Bruno-Jofr‚
_9906314
245 4 _aThe Peripatetic Journey Of Teacher Preparation In Canada
260 _bEmerald Publishing
_c2020
856 _uhttps://www.emerald.com/insight/publication/doi/10.1108/9781839822384
942 _cEBOOK
999 _c1497999
_d1497999